Normal view
MARC view
- Shah, C. S
Entry Personal Name
001 - CONTROL NUMBER
- control field: 83690
003 - CONTROL NUMBER IDENTIFIER
- control field: NUST
005 - DATE AND TIME OF LATEST TRANSACTION
- control field: 20211105160903.0
008 - FIXED-LENGTH DATA ELEMENTS
- fixed length control field: 211105|| aca||aabn | a|a d
040 ## - CATALOGING SOURCE
- Original cataloging agency: NUST
- Transcribing agency: NUST
100 ## - HEADING--PERSONAL NAME
- Personal name: Shah, C. S
670 ## - SOURCE DATA FOUND
- Source citation: Work cat.: (NUST)32820: Pandya, Navinchandra Chimanial. 83689, Machine Design /, 2009.
